000 00721cam a2200205u 4500
082 _a621.8
_bGRI
_cL-24, P-18
100 1 _aGrisbrook, H. [from old catalog]
_941915
245 1 0 _aPictorial guide to engineering workshop practice,
260 _aLondon,
_bG. Routledge & sons ltd.
_c[1943]
300 _a91 p.
_billus., diagrs.
_c20 cm.
526 _a0
_b0
_c0
_d621_800000000000000_GRI
526 _a0
_b0
_c0
_d621_800000000000000_GRI
526 _a0
_b0
_c0
_d621_800000000000000_GRI
526 _a0
_b0
_c0
_d621_800000000000000_GRI
526 _a0
_b0
_c0
_d621_800000000000000_GRI
650 0 _aMachine-shop practice.
_936237
650 0 _aMCE
_9379
700 1 _aPhillipson, C., [from old catalog]
_941916
942 _2ddc
_cBK
999 _c545939
_d545939